[Event "BAN-chB 47th"]
[Site "Dhaka"]
[Date "2022.10.31"]
[Round "5"]
[White "Chowdhury, Sohel"]
[Black "Sheik, Abdul Muttalib"]
[Result "1-0"]
[WhiteElo "2036"]
[BlackElo "1809"]
[PlyCount "55"]
[EventDate "2022.10.27"]
[EventType "swiss"]
[EventRounds "11"]
[EventCountry "BAN"]
[SourceTitle "EXT 2024"]
[Source "ChessBase"]
[SourceDate "2023.10.10"]
[SourceVersion "1"]
[SourceVersionDate "2023.10.10"]
[SourceQuality "1"]

1. e4 c5 2. Nc3 d6 3. g3 b6 4. Bg2 Bb7 5. d3 Nf6 6. f4 e6 7. Nh3 Be7 8. 0-0 Nbd7 9. Nf2 Qc7 10. a3 Rd8 11. Nb5 Qc6 12. c4 a6 13. Nc3 e5 14. f5 g6 15. Ng4 Nxg4 16. Qxg4 Nf6 17. Qf3 Bc8 18. fxg6 fxg6 19. Nd5 Rf8 20. Nxe7 Kxe7 21. Bg5 d5 22. exd5 Qd6 23. Rae1 Rde8 24. Rf2 Bf5 25. g4 Bc8 26. Bxf6+ Kd7 27. g5 h6 28. Bh3+ 1-0